[Event "NVM U16 2015"]
[Site "Kiel"]
[Date "2015.09.12"]
[Round "6.3"]
[White "Kroschel, Anton"]
[Black "Wehrhahn, Duncan"]
[Result "1/2-1/2"]
[WhiteElo "1494"]
[BlackElo "1269"]
[PlyCount "73"]
[EventDate "2015.??.??"]
[WhiteTeam "Lübecker SV von 1873"]
[BlackTeam "SV Laatzen"]

1. Nf3 d5 2. c4 e6 3. b3 Nf6 4. Bb2 c5 5. e3 Nc6 6. d4 Be7 7. Be2 O-O 8. O-O b6
9. Nc3 Bb7 10. cxd5 Nxd5 11. Nxd5 Qxd5 12. Bc4 Qf5 13. Bd3 Qd5 14. Bc4 Qf5 15.
Qe2 Nb4 16. Ne5 Qe4 17. Qg4 Qxg4 18. Nxg4 cxd4 19. Bxd4 Nc2 20. Rad1 Nxd4 21.
Rxd4 Rfd8 22. Rfd1 Rxd4 23. Rxd4 Rd8 24. Rxd8+ Bxd8 25. Ne5 Be7 26. Bb5 Bd6 27.
Nc6 Bxc6 28. Bxc6 Kf8 29. h3 Ke7 30. Kf1 Bc5 31. Ke2 Kd6 32. Bb5 Kd5 33. Bc4+
Ke5 34. f4+ Kf6 35. Kf3 h6 36. g4 g5 37. e4 1/2-1/2

[Event "NVM U16 2015"]
[Site "Kiel"]
[Date "2015.09.12"]
[Round "6.4"]
[White "Scholz, Tom"]
[Black "Stülcken, Philipp"]
[Result "0-1"]
[WhiteElo "1150"]
[BlackElo "1438"]
[PlyCount "120"]
[EventDate "2015.??.??"]
[WhiteTeam "SV Laatzen"]
[BlackTeam "Lübecker SV von 1873"]

1. e4 e5 2. Nf3 Nc6 3. Bb5 Bc5 4. Nc3 d6 5. h3 a6 6. Ba4 Nf6 7. O-O b5 8. Bb3
Ne7 9. d3 c6 10. Bg5 Ng6 11. a3 Be6 12. Bxe6 fxe6 13. Ne2 h6 14. Bh4 Nf4 15.
Qd2 g5 16. Bg3 N6h5 17. c3 Nxe2+ 18. Kh2 Nef4 19. b4 Bb6 20. d4 exd4 21. cxd4
Rg8 22. Rg1 Qf6 23. Rac1 Rc8 24. Rcd1 Nxg3 25. fxg3 Nxh3 26. Rgf1 Nf4 27. gxf4
Qxf4+ 28. Qxf4 gxf4 29. Nh4 e5 30. dxe5 dxe5 31. Rd6 Bd4 32. Rxh6 Kf7 33. Nf5
Rh8 34. g4 fxg3+ 35. Kxg3 Rxh6 36. Nxh6+ Ke6 37. Nf5 Rg8+ 38. Kf3 Rh8 39. Kg3
Rd8 40. Rc1 Rc8 41. Rd1 c5 42. bxc5 Bxc5 43. Rh1 Rg8+ 44. Kf3 Rf8 45. Rc1 Bxa3
46. Rc6+ Kd7 47. Rxa6 b4 48. Rb6 Kc7 49. Rb5 Rb8 50. Rxb8 Kxb8 51. Ne3 Bb2 52.
Ke2 Kb7 53. Kd2 Kc6 54. Kc2 Bd4 55. Nc4 Kc5 56. Kb3 Bc3 57. Na5 Kd4 58. Nc6+
Kxe4 59. Nxb4 Bxb4 60. Kxb4 Kd3 0-1

[Event "NVM U16 2015"]
[Site "Kiel"]
[Date "2015.09.12"]
[Round "6.1"]
[White "Stelmaszyk, Nico"]
[Black "Uksini, Bardhyl"]
[Result "0-1"]
[WhiteElo "1611"]
[BlackElo "2218"]
[PlyCount "66"]
[EventDate "2015.??.??"]
[WhiteTeam "SK Lehrte von 1919 e. V."]
[BlackTeam "Hamburger SK von 1830 eV"]

1. e4 c5 2. c4 Nc6 3. Nc3 e6 4. g3 Nge7 5. Bg2 g6 6. d3 Bg7 7. Nge2 O-O 8. O-O
a6 9. f4 d5 10. exd5 exd5 11. Nxd5 Nxd5 12. Bxd5 Bg4 13. Bf3 Bf5 14. Be4 Qf6
15. Nc3 Qd4+ 16. Kh1 Bxe4+ 17. Nxe4 Rad8 18. Re1 b6 19. Rb1 Rfe8 20. Ng5 Rxe1+
21. Qxe1 Qxd3 22. Be3 Re8 23. Qd2 Qxb1+ 24. Kg2 Qxb2 25. Qxb2 Bxb2 26. Kf3 Bd4
27. Bd2 h6 28. Ne4 f5 29. Nc3 Bxc3 30. Bxc3 Nd4+ 31. Kg2 Re2+ 32. Kg1 Nf3+ 33.
Kf1 Rxa2 0-1

[Event "NVM U16 2015"]
[Site "Kiel"]
[Date "2015.09.12"]
[Round "6.2"]
[White "Rogozenco, Teodora"]
[Black "Brockmeyer, Tobias"]
[Result "1-0"]
[WhiteElo "2057"]
[BlackElo "1524"]
[PlyCount "59"]
[EventDate "2015.??.??"]
[WhiteTeam "Hamburger SK von 1830 eV"]
[BlackTeam "SK Lehrte von 1919 e. V."]

1. d4 Nf6 2. c4 e6 3. Nf3 b6 4. Nc3 Bb4 5. Bg5 h6 6. Bh4 c5 7. e3 Bxc3+ 8. bxc3
d6 9. Bd3 Bb7 10. Qc2 Nbd7 11. O-O g5 12. Bg3 Qe7 13. a4 Nh5 14. a5 Nxg3 15.
fxg3 Kd8 16. axb6 Nxb6 17. dxc5 dxc5 18. Ne5 Rf8 19. Be4 Kc7 20. Bxb7 Kxb7 21.
Qe4+ Kc8 22. Ra5 Qd6 23. Nxf7 Rxf7 24. Rxf7 Qd1+ 25. Rf1 Qd6 26. h3 Kd8 27. Ra6
Rb8 28. Rxa7 Nd7 29. Rf7 Nb6 30. Qd3 1-0

[Event "NVM U16 2015"]
[Site "Kiel"]
[Date "2015.09.12"]
[Round "6.3"]
[White "Thormann, Georg"]
[Black "Wolfram, Tom"]
[Result "0-1"]
[WhiteElo "1162"]
[BlackElo "1626"]
[PlyCount "48"]
[EventDate "2015.??.??"]
[WhiteTeam "SK Lehrte von 1919 e. V."]
[BlackTeam "Hamburger SK von 1830 eV"]

1. e4 c5 2. Nc3 a6 3. Bc4 e6 4. f4 b5 5. Be2 Bb7 6. d3 Nf6 7. Nf3 Be7 8. h3 d5
9. e5 Nfd7 10. d4 cxd4 11. Nxd4 Bc5 12. g4 Qh4+ 13. Kf1 Qg3 14. h4 Nc6 15. Rg1
Qh3+ 16. Rg2 Bxd4 17. Bf3 Qh1+ 18. Ke2 Qxd1+ 19. Kxd1 Bxc3 20. bxc3 Nc5 21. f5
Nxe5 22. Be2 d4 23. Rg3 Ne4 24. Rh3 Nf2+ 0-1

[Event "NVM U16 2015"]
[Site "Kiel"]
[Date "2015.09.12"]
[Round "6.4"]
[White "Foo, Tzun Hong"]
[Black "Meiwes, Thore"]
[Result "1/2-1/2"]
[WhiteElo "1594"]
[BlackElo "1217"]
[PlyCount "62"]
[EventDate "2015.??.??"]
[WhiteTeam "Hamburger SK von 1830 eV"]
[BlackTeam "SK Lehrte von 1919 e. V."]

1. e4 c5 2. Nf3 Nc6 3. d4 cxd4 4. Nxd4 g6 5. c4 Bg7 6. Be3 Nf6 7. Nc3 O-O 8.
Be2 d6 9. O-O Bd7 10. Qd2 Rc8 11. f3 Ne5 12. b3 a6 13. Rac1 Nc6 14. Nd5 Nxd5
15. cxd5 Nxd4 16. Bxd4 Bxd4+ 17. Qxd4 Rxc1 18. Rxc1 Qb8 19. Qb6 Rc8 20. Rc4 Qa8
21. a4 Rxc4 22. Bxc4 Qc8 23. Kf1 Kf8 24. f4 f6 25. Qf2 b5 26. axb5 Bxb5 27. Qd4
Bxc4+ 28. bxc4 Qb7 29. Ke2 Ke8 30. Kd2 Kd7 31. g4 Qb4+ 1/2-1/2

[Event "NVM U16 2015"]
[Site "Kiel"]
[Date "2015.09.12"]
[Round "6.1"]
[White "Böttcher, Tim"]
[Black "Schumacher, Ole"]
[Result "0-1"]
[WhiteElo "1010"]
[BlackElo "1673"]
[PlyCount "88"]
[EventDate "2015.??.??"]
[WhiteTeam "SC Caissa Falkensee e.V."]
[BlackTeam "SF Schwerin"]

1. b3 Nf6 2. Bb2 d5 3. g3 g6 4. Bg2 Bg7 5. e3 O-O 6. Ne2 Nc6 7. d3 e5 8. Nd2
Bg4 9. c4 dxc4 10. Nxc4 Nd7 11. Qd2 Re8 12. e4 Nc5 13. Nc1 Nd4 14. Bxd4 Qxd4
15. Rb1 Rad8 16. Nb2 Bd7 17. b4 Na6 18. Nb3 Qxb4 19. Qxb4 Nxb4 20. a3 Nc2+ 21.
Kd1 Nxa3 22. Ra1 Nb5 23. Nc4 Be6 24. Kc2 b6 25. Rhd1 a5 26. Ne3 Nd4+ 27. Nxd4
Rxd4 28. Kc3 Red8 29. Nc2 R4d7 30. Bf1 Bf8 31. f4 Bg7 32. fxe5 Bxe5+ 33. Kd2
Bxa1 34. Rxa1 Bb3 35. Ne3 a4 36. Ng4 Kg7 37. Ne5 Rd6 38. Nf3 c5 39. Kc3 b5 40.
e5 R6d7 41. Ng5 b4+ 42. Kd2 c4 43. e6 Re7 44. exf7 c3+ 0-1

[Event "NVM U16 2015"]
[Site "Kiel"]
[Date "2015.09.12"]
[Round "6.2"]
[White "Focke, Adrian"]
[Black "Lubanski, Jacob"]
[Result "1-0"]
[WhiteElo "1643"]
[BlackElo "1199"]
[PlyCount "81"]
[EventDate "2015.??.??"]
[WhiteTeam "SF Schwerin"]
[BlackTeam "SC Caissa Falkensee e.V."]

1. e4 g6 2. d4 d6 3. Nf3 Bg7 4. Nc3 Nf6 5. h3 O-O 6. Be2 Nc6 7. Be3 e5 8. dxe5
dxe5 9. O-O Be6 10. Bb5 Nh5 11. Bxc6 bxc6 12. Qxd8 Rfxd8 13. Rfd1 Rdb8 14. b3
Nf4 15. Na4 f5 16. Ng5 fxe4 17. Nxe6 Nxe6 18. Nc3 a6 19. Nxe4 Rd8 20. Kf1 Nd4
21. Rd2 Nf5 22. Rad1 Rxd2 23. Rxd2 Nxe3+ 24. fxe3 Rf8+ 25. Ke2 Bf6 26. Rd7 Bd8
27. Nc5 Bh4 28. Ne4 Rf7 29. Rxf7 Kxf7 30. Nc5 Be7 31. Nxa6 Bd6 32. c3 Ke6 33.
Nb4 c5 34. Nd3 e4 35. Nb2 h5 36. a4 Kd7 37. Nc4 Kc6 38. Nxd6 Kxd6 39. c4 Kc6
40. Kf2 Kb6 41. Kg3 1-0

[Event "NVM U16 2015"]
[Site "Kiel"]
[Date "2015.09.12"]
[Round "6.3"]
[White "Seitz, Manuel"]
[Black "Stuppe, Hannes"]
[Result "1/2-1/2"]
[WhiteElo "1085"]
[BlackElo "1415"]
[PlyCount "85"]
[EventDate "2015.??.??"]
[WhiteTeam "SC Caissa Falkensee e.V."]
[BlackTeam "SF Schwerin"]

1. b3 d5 2. Bb2 Nc6 3. g3 Bf5 4. Bg2 e6 5. e3 Nf6 6. Ne2 Be4 7. Bxe4 Nxe4 8. d3
Nf6 9. Nd2 Bd6 10. a3 O-O 11. c4 Ne5 12. Nf4 c6 13. c5 Bc7 14. d4 Ned7 15. Ne2
b6 16. b4 a5 17. Nc3 Re8 18. O-O e5 19. Re1 Rb8 20. Qc2 h6 21. h3 Nh7 22. Kg2
Qf6 23. Nf3 Ng5 24. Nxg5 Qxg5 25. bxa5 bxc5 26. Na4 Bxa5 27. Reb1 exd4 28. exd4
c4 29. Bc3 Bxc3 30. Nxc3 Qf6 31. Qd2 Qd6 32. a4 Nf6 33. a5 Rxb1 34. Rxb1 Qa3
35. Ne2 Ra8 36. Rb6 Qxa5 37. Qxa5 Rxa5 38. Rxc6 Ne4 39. f3 Nd2 40. Kf2 Nb3 41.
Ke3 Ra3 42. Rd6 Nc5+ 43. Kd2 1/2-1/2

[Event "NVM U16 2015"]
[Site "Kiel"]
[Date "2015.09.12"]
[Round "6.4"]
[White "Kummer, Birte"]
[Black "Jungandreas, Tillmann"]
[Result "1-0"]
[WhiteElo "1422"]
[BlackElo "1209"]
[PlyCount "51"]
[EventDate "2015.??.??"]
[WhiteTeam "SF Schwerin"]
[BlackTeam "SC Caissa Falkensee e.V."]

1. e4 e5 2. Nf3 Nc6 3. d4 exd4 4. Nxd4 Bc5 5. Be3 Nf6 6. Nxc6 bxc6 7. Bxc5 Nxe4
8. Qe2 f5 9. f3 d6 10. Bd4 O-O 11. fxe4 fxe4 12. Nc3 d5 13. O-O-O Qg5+ 14. Qe3
Qh5 15. Qg3 Rf7 16. Be2 Qh6+ 17. Qe3 Qg6 18. Qg3 Qh6+ 19. Kb1 Bb7 20. Rhf1 Rxf1
21. Rxf1 g6 22. Qxc7 Rf8 23. Rxf8+ Qxf8 24. Qxb7 Qh6 25. Qxc6 Qd2 26. Qe8# 1-0